Dictionary of international trade / (رقم التسجيلة. 816)
[ عرض عادي ]
| 000 -الفاتح | |
|---|---|
| حقل البيانات ثابتة الطول | 00997cam a2200277 a 4500 |
| 001 - رقم الضبط | |
| رقم الضبط | 633174 |
| 003 - محدد رقم الضبط | |
| رقم الضبط | OSt |
| 005 - وقت وتاريخ اخر تعامل مع التسجيلة | |
| رقم الضبط | 20150408113723.0 |
| 008 - عناصر البيانات ثابتة الطول - معلومات عامة | |
| حقل البيانات ثابتة الطول | 930602s1994 nyu d 000 0 eng |
| 010 ## - رقم ضبط مكتبة الكونجرس | |
| رقم ضبط مكتبة الكونجرس | 93005188 |
| 020 ## - الرقم الدولى المعيارى للكتب | |
| الرقم الدولى المعيارى للكتاب | 0471597325 (cloth : acidfree paper) |
| 020 ## - الرقم الدولى المعيارى للكتب | |
| الرقم الدولى المعيارى للكتاب | 0471597317 (pbk. : acidfree paper) |
| 040 ## - مصدر الفهرسة | |
| وكالة الفهرسة الأصلية | DLC |
| وكالة النسخ | DLC |
| وكالة التعديل | DLC |
| 050 00 - رقم طلب مكتبة الكونجرس | |
| رقم التصنيف | HF1373 |
| رقم المادة | .R67 1994 |
| 082 00 - رقم تصنيف ديوى العشرى | |
| رقم التصنيف | 382.03 |
| رقم الطبعة | 20 |
| 100 1# - المدخل الرئيسى - إسم شخصى | |
| الإسم الشخصى | Rosenberg, Jerry Martin. |
| 9 (RLIN) | 6014 |
| 245 10 - بيان العنوان | |
| العنوان | Dictionary of international trade / |
| بيان المسئوليه,etc | Jerry M. Rosenberg. |
| 260 ## - PUBLICATION, DISTRIBUTION, ETC. (IMPRINT) | |
| مكان الناشر او الموزع | New York : |
| اسم الناشر او الموزع | J. Wiley, |
| تاريخ النشر أو التوزيع | c1994. |
| 300 ## - الوصف المادى | |
| التعداد | xii, 314 p. ; |
| أبعاد الوعاء | 24 cm. |
| 440 #0 - بيان السلسلة/مدخل إضافى-العنوان | |
| العنوان | Business dictionary series |
| 9 (RLIN) | 6015 |
| 650 #0 - المدخل الاضافى بالموضوع-مصطلح موضوعى | |
| مصطلح موضوعي أو اسم جغرافي كعنصر مدخل | International trade |
| التقسيم الفرعي العام | Dictionaries. |
| 9 (RLIN) | 6016 |
| 740 0# - المدخل الاضافى - عنوان مرتبط/تحليلى غير مقيد | |
| العنوان التحليلي/ الرابط غير مقيد | International trade. |
| 856 42 - الوصول و الموقع الالكترونى | |
| مواد محددة | Publisher description |
| معرف المصدر الموحد | <a href="http://www.loc.gov/catdir/enhancements/fy0707/93005188-d.html">http://www.loc.gov/catdir/enhancements/fy0707/93005188-d.html</a> |
| 942 ## - عناصر المدخل الإضافي( كوها) | |
| مصدر التصنيف او مخطط الترفيف | Dewey Decimal Classification |
| Koha [default] item type | كتاب |
لا توجد مواد متاحة.
